[Event "EU-ch U20"]
[Site "Aviles"]
[Date "2000.08.19"]
[Round "4"]
[White "Magalhaes, Pedro"]
[Black "Perez Candelario, Manuel"]
[Result "1-0"]
[WhiteElo "2131"]
[BlackElo "2300"]
[PlyCount "55"]
[EventDate "2000.08.18"]
[EventType "swiss"]
[EventRounds "11"]
[EventCountry "ESP"]
[SourceTitle "CBM 077 Extra"]
[Source "ChessBase"]
[SourceDate "2000.09.14"]
[SourceVersion "1"]
[SourceVersionDate "2000.09.14"]
[SourceQuality "1"]

1. e4 c5 2. Nf3 Nc6 3. d4 cxd4 4. Nxd4 Nf6 5. Nc3 e6 6. Bg5 h6 7. Bh4 Bb4 8. Ndb5 Qb6 9. Bxf6 gxf6 10. a3 Bxc3+ 11. bxc3 a6 12. Nd6+ Ke7 13. Qd2 Ne5 14. Rd1 Qc6 15. Be2 Rb8 16. 0-0 Ng6 17. f4 b5 18. Kh1 Rb6 19. Qe1 Qc5 20. e5 fxe5 21. fxe5 Rf8 22. Bh5 Qxe5 23. Nxc8+ Rxc8 24. Qf2 Rd6 25. Qxf7+ Kd8 26. Bxg6 Rxc3 27. Rxd6 Qxd6 28. Qf6+ 1-0

[Event "EU-ch U20"]
[Site "Aviles"]
[Date "2000.08.17"]
[Round "2"]
[White "Bucher, Denis"]
[Black "Magalhaes, Pedro"]
[Result "1-0"]
[WhiteElo "2350"]
[BlackElo "2131"]
[PlyCount "51"]
[EventDate "2000.08.18"]
[EventType "swiss"]
[EventRounds "11"]
[EventCountry "ESP"]
[SourceTitle "CBM 077 Extra"]
[Source "ChessBase"]
[SourceDate "2000.09.14"]
[SourceVersion "1"]
[SourceVersionDate "2000.09.14"]
[SourceQuality "1"]

1. e4 c5 2. Nf3 d6 3. d4 cxd4 4. Nxd4 Nf6 5. Nc3 g6 6. Be3 Bg7 7. f3 0-0 8. Qd2 Nc6 9. Bc4 Bd7 10. 0-0-0 Rc8 11. Bb3 Ne5 12. Kb1 Nc4 13. Bxc4 Rxc4 14. g4 a6 15. h4 b5 16. h5 b4 17. Nd5 e6 18. Nxb4 a5 19. Nd3 Nxe4 20. fxe4 Bxd4 21. Bxd4 Rxd4 22. hxg6 fxg6 23. Rxh7 Rxd3 24. Rh8+ Kg7 25. Qh6+ Kf6 26. Rxf8+ 1-0

[Event "Luxembourg-ch"]
[Site "Luxembourg"]
[Date "1999.04.05"]
[Round "3"]
[White "Magalhaes, Pedro"]
[Black "Canon, Patrick"]
[Result "1-0"]
[WhiteElo "1890"]
[BlackElo "1702"]
[PlyCount "55"]
[EventDate "1999.04.03"]
[EventType "swiss"]
[EventRounds "9"]
[EventCountry "LUX"]
[SourceTitle "EXT 2005"]
[Source "ChessBase"]
[SourceDate "2004.11.15"]
[SourceVersion "1"]
[SourceVersionDate "2004.11.15"]
[SourceQuality "1"]

1. e4 e5 2. Bc4 Nf6 3. d4 d5 4. dxe5 Nxe4 5. Bxd5 Ng5 6. Bxg5 Qxg5 7. Nf3 Qf5 8. 0-0 Be7 9. Re1 0-0 10. Nd4 Qg5 11. Nc3 c6 12. Bc4 Bh3 13. Qf3 Bg4 14. Qg3 Bh5 15. Qxg5 Bxg5 16. Ne4 Be7 17. e6 b5 18. Bb3 a5 19. Nf5 Ra7 20. exf7+ Kh8 21. Neg3 Bxf7 22. Nxe7 Bxb3 23. axb3 g6 24. Re6 c5 25. Rd1 Rxe7 26. Rxe7 Nc6 27. Rc7 Rf6 28. Rdd7 1-0

[Event "Luxembourg-chT 9899"]
[Site "Luxembourg"]
[Date "1999.03.14"]
[Round "9"]
[White "Magalhaes, Pedro"]
[Black "Biwer, Joel"]
[Result "1/2-1/2"]
[WhiteElo "1795"]
[BlackElo "1805"]
[PlyCount "103"]
[EventDate "1998.10.08"]
[EventType "team-tourn"]
[EventRounds "10"]
[EventCountry "LUX"]
[SourceTitle "EXT 2005"]
[Source "ChessBase"]
[SourceDate "2004.11.15"]
[SourceVersion "1"]
[SourceVersionDate "2004.11.15"]
[SourceQuality "1"]

1. e4 e6 2. d4 d5 3. Nc3 Be7 4. e5 c5 5. Qg4 Kf8 6. Nf3 Nc6 7. dxc5 Bxc5 8. Bd3 Qb6 9. 0-0 Bd4 10. Nxd4 Qxd4 11. Qxd4 Nxd4 12. f4 a6 13. Be3 Nc6 14. Ne2 Nge7 15. c3 Bd7 16. Nd4 Ke8 17. Nxc6 Bxc6 18. Kf2 Kd7 19. g4 h5 20. g5 Bb5 21. Bxb5+ axb5 22. Rfd1 Nf5 23. Rd2 Rhc8 24. Bd4 Rc4 25. b3 Rc6 26. a4 bxa4 27. bxa4 Rc4 28. a5 Nxd4 29. cxd4 Rc6 30. Rb2 Kc8 31. g6 Rc7 32. gxf7 Rxf7 33. Rc1+ Kb8 34. Rc6 Rxf4+ 35. Ke3 Rf7 36. a6 g5 37. Rxe6 Ka7 38. Rxb7+ Rxb7 39. axb7 Kxb7 40. Rg6 Ra3+ 41. Kf2 g4 42. Rd6 Ra2+ 43. Kg3 Ra3+ 44. Kf2 Ra2+ 45. Ke3 Rxh2 46. e6 Rh3+ 47. Kf2 Rf3+ 48. Ke2 Rf4 49. Rxd5 Re4+ 50. Kf2 h4 51. e7 Rxe7 52. Rh5 1/2-1/2